Saladin : and the fall of the kingdom of Jerusalem / (Record no. 27069)
[ view plain ]
| 000 -LEADER | |
|---|---|
| fixed length control field | 00987nam a2200265 a 4500 |
| 001 - CONTROL NUMBER | |
| control field | 27069 |
| 003 - CONTROL NUMBER IDENTIFIER | |
| rucl marc code | BD-RjUL |
| 005 - DATE AND TIME OF LATEST TRANSACTION | |
| control field | 20211209051116.0 |
| 008 - FIXED-LENGTH DATA ELEMENTS--GENERAL INFORMATION | |
| fixed length control field | 140324s1964 acaabhj 001 0 eng d |
| 035 ## - SYSTEM CONTROL NUMBER | |
| System control number | (BD-RjUL)27140 |
| 040 ## - CATALOGING SOURCE | |
| Original cataloging agency | BD-RjUL |
| Language of cataloging | eng |
| Transcribing agency | BD-RjUL |
| Modifying agency | BD-RjUL |
| 041 ## - LANGUAGE CODE | |
| Language code of text/sound track or separate title | eng |
| 082 ## - DEWEY DECIMAL CLASSIFICATION NUMBER | |
| Classification number | 956.9 |
| Author mark and year | LAS 1964 |
| 100 1# - MAIN ENTRY--PERSONAL NAME | |
| Personal name | Lane-Poole, Stanley, |
| Dates associated with a name | 1854-1931. |
| 9 (RLIN) | 80489 |
| 245 10 - TITLE STATEMENT | |
| Title | Saladin : and the fall of the kingdom of Jerusalem / |
| Statement of responsibility, etc. | by Stanley Lane-Poole. |
| 260 ## - PUBLICATION, DISTRIBUTION, ETC. (IMPRINT) | |
| Place of publication, distribution, etc. | Australia : |
| Name of publisher, distributor, etc. | Khayats, |
| Date of publication, distribution, etc. | 1964. |
| 300 ## - PHYSICAL DESCRIPTION | |
| Pagination | xxiv, 416 p., [14] leaves of plates (some folded) : |
| Illustrations | ill., maps, facsims., geneal. tables ; |
| Size | 20 cm. |
| 504 ## - BIBLIOGRAPHY, ETC. NOTE | |
| Bibliography, etc | Includes index. |
| 650 ## - SUBJECT ADDED ENTRY--TOPICAL TERM | |
| Topical term or geographic name as entry element | Saladin, Sultan of Egypt and Syria, 1137-1193 |
| 9 (RLIN) | 83136 |
| 651 #0 - SUBJECT ADDED ENTRY--GEOGRAPHIC NAME | |
| Geographic name | Egypt |
| General subdivision | Kings and rulers |
| Form subdivision | Biography. |
| 9 (RLIN) | 82986 |
| Geographic name | Syria |
| General subdivision | Kings and rulers |
| Form subdivision | Biography. |
| 9 (RLIN) | 82987 |
| Geographic name | Jerusalem |
| General subdivision | History |
| Chronological subdivision | Latin Kingdom, 1099-1244. |
| 9 (RLIN) | 76062 |
| Geographic name | Islamic Empire |
| General subdivision | History |
| Chronological subdivision | 750-1258. |
| 9 (RLIN) | 79222 |
| 942 ## - ADDED ENTRY ELEMENTS (KOHA) | |
| Source of classification or shelving scheme | Dewey Decimal Classification |
| Koha item type | Books |
| Lost status | Source of classification or shelving scheme | Damaged status | Not for loan | Collection code | Permanent Location | Current Location | Shelving location | Date acquired | Source of acquisition | Cost, normal purchase price | Total Checkouts | Full call number | Date last seen | Copy number | Koha item type |
|---|---|---|---|---|---|---|---|---|---|---|---|---|---|---|---|
| Dewey Decimal Classification | Non-fiction | Central Library, University of Rajshahi | Central Library, University of Rajshahi | 20/08/1968 | Book Centre | 28.13 | 956.9 LAS 1964 | 24/03/2014 | C-3 | Books |